00392nam a2200109Ia 4500008004100000100002200041245005000063260006900113300001100182650002100193856006800214160712s9999 xx 000 0 und d aCruz Reyes, Jun . cJun Cruz ReyesaAng Ama at Ina ng Isang Epiko c2011bLikhaan: The Journal of Contemporary Philippine Literature avol. 5 xMAIKLING KUWENTO uhttp://journals.upd.edu.ph/index.php/lik/issue/view/295/showToc